| 000 | 00852nam a2200229 a 4500 | ||
|---|---|---|---|
| 001 | 82563 | ||
| 003 | BD-RjUL | ||
| 005 | 20231228105926.0 | ||
| 008 | 231228s2023 bg ||||| |||| 00| 0 ben d | ||
| 020 | _a9789849751915 | ||
| 035 | _a(BD-RjUL)82563 | ||
| 040 |
_aBD-RjUL _beng _cBD-RjUL |
||
| 041 | _aben | ||
| 082 |
_223 _a070.4 _bAHS 2023 |
||
| 100 |
_aআহমদ, মোস্তাক _910759 |
||
| 245 |
_aসাংবাদিকতায় মৃত্যুকূপের অভিযাত্রী / _cমোস্তাক আহমদ |
||
| 260 |
_aচট্টগ্রাম : _bআবির প্রকাশন, _c২০২৩ |
||
| 300 |
_a৪৪৮ পৃ.; _c২১ সেমি. |
||
| 650 |
_aগণমাধ্যম ও সাংবাদিকতা _910760 |
||
| 650 |
_aMedia and Journalism _910761 |
||
| 942 |
_2ddc _cBK |
||
| 999 |
_c82563 _d82563 |
||